| Tag |
First Indicator |
Second Indicator |
Subfields |
| LEADER |
00000cam a2200000Ia 4500 |
| 001 |
in00001836310 |
| 005 |
20151026080410.0 |
| 008 |
040719s2003 sp a j 000 1 spa d |
| 020 |
|
|
|a 8426350291
|
| 035 |
|
|
|a (OCoLC)ocm55964411
|
| 040 |
|
|
|a TEF
|c TEF
|d TXA
|d UtOrBLW
|
| 049 |
|
|
|a TXAM
|
| 082 |
0 |
4 |
|a [Fic]
|2 22
|
| 090 |
|
|
|a PZ73
|b .A43 2003
|
| 100 |
1 |
|
|a Alcántara, Ricardo.
|
| 245 |
1 |
0 |
|a Quién ayuda en casa? /
|c Ricardo Alcántara ; [ilustrado por] Gusti.
|
| 250 |
|
|
|a 2a ed.
|
| 264 |
|
1 |
|a Zaragoza :
|b Edelvives,
|c 2003.
|
| 300 |
|
|
|a 46 pages :
|b illustrations ;
|c 22 cm.
|
| 336 |
|
|
|a text
|b txt
|2 rdacontent
|
| 337 |
|
|
|a unmediated
|b n
|2 rdamedia
|
| 338 |
|
|
|a volume
|b nc
|2 rdacarrier
|
| 490 |
1 |
|
|a [Serie roja] ;
|v 2
|
| 500 |
|
|
|a "A partir de 6 años"--P. [4] of cover.
|
| 650 |
|
1 |
|a Family
|v Fiction.
|
| 650 |
|
1 |
|a Housekeeping
|v Fiction.
|
| 650 |
|
0 |
|a Families
|v Juvenile fiction.
|
| 650 |
|
0 |
|a Housekeeping
|v Juvenile fiction.
|
| 650 |
|
7 |
|a Familia
|v Novela juvenil.
|2 bidex
|
| 650 |
|
7 |
|a Economía doméstica
|v Novela juvenil.
|2 bidex
|
| 700 |
0 |
|
|a Gusti,
|d 1963-
|
| 830 |
|
0 |
|a Ala delta.
|p Serie roja ;
|v 2.
|
| 994 |
|
|
|a E0
|b TXA
|
| 948 |
|
|
|a cataloged
|b h
|c 2004/7/23
|d c
|e jlanham
|f 9:46:33 am
|
| 999 |
|
|
|a MARS
|
| 999 |
f |
f |
|s 6dbc258b-206d-3327-a8b6-f935318bd09e
|i e781fc8a-1a3a-3fe3-8cdd-2df00891885a
|t 0
|
| 952 |
f |
f |
|p ric
|a Texas A&M University
|b Rellis Campus
|c Joint Library Facility
|d Remote Storage
|t 0
|e PZ73 .A43 2003
|h Library of Congress classification
|i unmediated -- volume
|m A14832083285
|
| 998 |
f |
f |
|a PZ73 .A43 2003
|t 0
|l Remote Storage
|